| 000 | 00458nam a2200157 4500 | ||
|---|---|---|---|
| 001 | 121851 | ||
| 003 | ES-MaACL | ||
| 005 | 20230906191837.0 | ||
| 007 | t| | ||
| 008 | 070214s1912 sp r ||||1| spa d | ||
| 100 | 1 |
_aPortuondo y Barcelo, Antonio. _993306 |
|
| 245 | 1 | 0 |
_aApuntes sobre mecánica social / _cAntonio Portuondo y Barcelo. |
| 260 |
_aMadrid : _bPrudencio Pérez de Velasco, _c1912. |
||
| 300 |
_a208 p. ; _c24 cm. |
||
| 852 |
_aES-MaACL _jF-9663 |
||
| 999 |
_c121851 _d121851 |
||